00410nam a2200157Ia 4500008004100000040001900041041001200060082002400072100001500096245003900111260002800150300002100178504001900199650001600218850001800234131103s9999 xx 000 0 und d aLoreto College aEnglish a510/HOObLCBED/3531 aHooper, A. 2aA Mathematical refreshercA Hooper aEdinburghbOliverc1944 ax,383p. c 20cm. aIncludes index aMathematics aLCBED/510/HOO